[Event "HUN-chT2 Toth 0304"]
[Site "Hungary"]
[Date "2004.04.18"]
[Round "11"]
[White "Horvath, Jozsef2222"]
[Black "Borsos, Andor"]
[Result "1/2-1/2"]
[WhiteElo "2087"]
[BlackElo "2183"]
[PlyCount "192"]
[EventDate "2003.09.28"]
[EventType "team"]
[EventRounds "11"]
[EventCountry "HUN"]
[SourceTitle "EXT 2009"]
[Source "ChessBase"]
[SourceDate "2008.11.26"]
[SourceVersion "1"]
[SourceVersionDate "2008.11.26"]
[SourceQuality "1"]
[WhiteTeam "Takisz"]
[BlackTeam "Kiskunhalas"]
[WhiteTeamCountry "HUN"]
[BlackTeamCountry "HUN"]

1. c4 Nf6 2. g3 g6 3. Bg2 Bg7 4. Nc3 0-0 5. Nf3 d6 6. 0-0 e5 7. d3 Nbd7 8. Rb1 c6 9. b4 Re8 10. b5 d5 11. bxc6 bxc6 12. Bg5 h6 13. Bxf6 Nxf6 14. Nd2 Be6 15. Qa4 Qc7 16. Rfc1 Rac8 17. cxd5 cxd5 18. Nb3 Qb6 19. e3 Bd7 20. Qa5 Qxa5 21. Nxa5 d4 22. Nd5 Rxc1+ 23. Rxc1 Rb8 24. Nb3 Bb5 25. exd4 exd4 26. Ne7+ Kh7 27. Nc6 Rb6 28. Ncxd4 Bxd3 29. Rc7 Ne4 30. Rxf7 Kg8 31. Rd7 Nc3 32. Bf1 Bxf1 33. Kxf1 Bxd4 34. Nxd4 Ra6 35. Rc7 Ne4 36. Rc8+ Kf7 37. Rc7+ Kg8 38. Rc8+ Kf7 39. Rc7+ Kg8 40. Rc2 Ra3 41. Nb3 a5 42. Rc4 a4 43. Rxe4 axb3 44. axb3 Rxb3 45. Re7 g5 46. Kg2 Ra3 47. Re3 Ra4 48. Kf3 Kg7 49. Re4 Ra2 50. Re6 Ra4 51. Ke3 Ra3+ 52. Ke4 Ra2 53. Kf3 Ra4 54. Re4 Ra2 55. Rd4 Ra3+ 56. Kg4 Ra2 57. Kf3 Ra3+ 58. Kg2 Ra2 59. h4 Kg6 60. Rd6+ Kg7 61. hxg5 hxg5 62. Kf3 Ra4 63. Ke3 Ra2 64. Rd2 Ra4 65. f3 Kf6 66. Rd6+ Ke5 67. Rg6 Kf5 68. Rg8 Ra3+ 69. Kf2 Ra2+ 70. Kg1 Rb2 71. Kf1 Ra2 72. Rf8+ Kg6 73. Rd8 Kf5 74. Rd5+ Kf6 75. g4 Kg6 76. Ke1 Kf6 77. Rf5+ Kg6 78. Re5 Kf6 79. Re2 Ra3 80. Kf2 Rb3 81. Rd2 Ra3 82. Rd5 Rb3 83. Ke2 Kg6 84. Rd6+ Kg7 85. Rd3 Rb4 86. Ke3 Rf4 87. Rd4 Rf6 88. Re4 Kg6 89. Re5 Kh6 90. Rf5 Re6+ 91. Kd4 Kg6 92. Kd5 Ra6 93. Re5 Ra5+ 94. Kd6 Ra6+ 95. Kd7 Ra7+ 96. Ke6 Ra6+ 1/2-1/2

[Event "HUN-chT2 Toth 0304"]
[Site "Hungary"]
[Date "2004.02.22"]
[Round "8"]
[White "Borsos, Andor"]
[Black "Palasti, Ferenc"]
[Result "1-0"]
[WhiteElo "2183"]
[BlackElo "2090"]
[PlyCount "51"]
[EventDate "2003.09.28"]
[EventType "team"]
[EventRounds "11"]
[EventCountry "HUN"]
[SourceTitle "EXT 2009"]
[Source "ChessBase"]
[SourceDate "2008.11.26"]
[SourceVersion "1"]
[SourceVersionDate "2008.11.26"]
[SourceQuality "1"]
[WhiteTeam "Kiskunhalas"]
[BlackTeam "Szentes"]
[WhiteTeamCountry "HUN"]
[BlackTeamCountry "HUN"]

1. e4 d6 2. d4 Nf6 3. Nc3 g6 4. f3 Bg7 5. Be3 c6 6. Qd2 Qa5 7. 0-0-0 b5 8. Kb1 b4 9. Nce2 0-0 10. Nc1 Be6 11. g4 Nbd7 12. Nge2 Bc4 13. h4 h5 14. gxh5 Nxh5 15. Bh3 Ndf6 16. Rdg1 Rfb8 17. Bh6 Rb5 18. Bxg7 Kxg7 19. b3 Bxe2 20. Qxe2 Qb6 21. Qd2 e5 22. Bf1 Ra5 23. Rg5 Nh7 24. Rxh5 gxh5 25. Rg1+ Kh8 26. Qg2 1-0

[Event "HUN-chT2 Toth 0203"]
[Site "Hungary"]
[Date "2003.02.16"]
[Round "7"]
[White "Kovacs, Arthur"]
[Black "Borsos, Andor"]
[Result "0-1"]
[WhiteElo "2095"]
[BlackElo "2183"]
[PlyCount "52"]
[EventDate "2002.09.22"]
[EventType "team"]
[EventRounds "11"]
[EventCountry "HUN"]
[SourceTitle "EXT 2009"]
[Source "ChessBase"]
[SourceDate "2008.11.26"]
[SourceVersion "1"]
[SourceVersionDate "2008.11.26"]
[SourceQuality "1"]

1. d4 f5 2. Nc3 Nf6 3. Bg5 g6 4. Bxf6 exf6 5. e3 d5 6. Bd3 c6 7. Qf3 Bb4 8. Nge2 Nd7 9. 0-0-0 Nf8 10. h3 Ne6 11. g4 Ng5 12. Qg2 Qe7 13. gxf5 gxf5 14. Rdg1 Be6 15. f4 Nf7 16. Qf3 Nd6 17. Rg2 0-0-0 18. Rhg1 Bf7 19. Rg7 Qe6 20. R7g3 Ne4 21. Bxe4 dxe4 22. Qf2 c5 23. d5 Rxd5 24. Nxd5 Qxd5 25. b3 a5 26. Rd1 Ba3+ 0-1